Skoki Narciarskie - Dopasowywanie narodowości do skoczka. - Statystyki

Ogólne statystyki
  • Ten quiz został rozwiązany 103 razy
  • Średni wynik to 13 z 15
Statystyki odpowiedzi
Zawodnik Narodowość % Poprawnych
Daniel Tschofenig Austria
99%
Marius Lindvik Norwegia
99%
Antti Aalto Finlandia
98%
Ryoyu Kobayashi Japonia
98%
Kamil Stoch Polska
98%
Lovro Kos Słowenia
97%
Qiwu Song Chiny
96%
Hueng Chul Choi Korea Południowa
96%
Vladimir Zografski Bułgaria
95%
Fatih Arda Ipcioglu Turcja
94%
Artti Aigro Estonia
93%
Tate Frantz Stany Zjednoczone
88%
Hektor Kapustik Słowacja
85%
Daniel Andrei Cacina Rumunia
83%
Korawik Saendee Tajlandia
31%
Nie znaleziono quizów pasujących do podanych kryteriów
Rozkład punktacji
Procent ludzi z każdym wynikiem
Percentyl według liczby udzielonych odpowiedzi
Twoja historia wyników
Nie rozwiązałeś tego quizu